[Event "RUS-Cup1 Chigorin mem"]
[Site "St Petersburg"]
[Date "1996.??.??"]
[Round "9"]
[White "Ivanov, S."]
[Black "Bologan, Viktor"]
[Result "0-1"]
[WhiteElo "2490"]
[BlackElo "2600"]

1.d4 Nf6 2.c4 Nc6 3.Nf3 e6 4.a3 d6 5.Nc3 g6 6.e4 Bg7 7.Be2 O-O 8.O-O Re8
9.Be3 e5 10.d5 Nd4 11.Nxd4 exd4 12.Bxd4 Nxe4 13.Bxg7 Kxg7 14.Nxe4 Rxe4 15.Rc1 Qf6
16.Qc2 Re5 17.Bf3 Bf5 18.Qd2 Rae8 19.c5 h5 20.cxd6 cxd6 21.Rc7 R8e7 22.Rfc1 Qg5
23.Qd1 h4 24.Rxe7 Rxe7 25.Qd4+ Kh7 26.Rd1 h3 27.g3 Bc2 28.Rf1 Qe5 29.Qxe5 Rxe5
30.Bg4 Bf5 31.Bxf5 gxf5 32.Rd1 Re2 33.b4 Ra2 34.Kf1 Rxa3 35.Rd4 Rb3 36.Ke2 Kg6
37.Rf4 Kf6 38.Kd2 Ke5 39.Kc2 Ra3 40.Kd2 Rb3 41.Kc2 Ra3 42.Kd2 Ra4 43.Rh4 Kxd5
44.Ke3 Ke5 45.Kd3 Ra3+ 46.Kc4 a6 47.f4+ Ke4 48.b5 a5 49.b6 d5+ 50.Kc5 d4
51.Rxh3 d3 52.Rh8 d2  0-1

[Event "Yalta op"]
[Site "Yalta"]
[Date "1996.??.??"]
[Round "1"]
[White "Guliev, Sarhan"]
[Black "Kondenko, Alexey"]
[Result "1-0"]
[WhiteElo "2505"]
[BlackElo "2230"]

1.d4 Nf6 2.c4 Nc6 3.Nf3 d6 4.g3 g6 5.Bg2 Bg7 6.O-O O-O 7.Nc3 Bf5 8.Bg5 h6
9.Bd2 Qd7 10.d5 Nd8 11.Re1 Bh3 12.Bh1 e5 13.e4 c5 14.dxc6 bxc6 15.c5 Ne6
16.cxd6 Qxd6 17.Be3 Qb8 18.Qa4 Ng4 19.Rab1 Nxe3 20.Rxe3 Nd4 21.Ne2 Rd8 22.Nfxd4 exd4
23.Rb3 Qc8 24.Nf4 Bd7 25.Rc1 g5 26.Nh5 Be6 27.Rd3 Bh8 28.e5 Bxe5 29.Rxc6 Qd7
30.Qa5 Bh8 31.h4 Rac8 32.hxg5 Bf5 33.Rd1 hxg5 34.Nf6+ Bxf6 35.Rxf6 Bg6 36.Qxg5 Kf8
37.Bf3 Kg7 38.Bg4 Qa4 39.b3 Qxa2 40.Rxg6+ fxg6 41.Qe7+ Kh6 42.Kg2  1-0

[Event "Yerevan ol (Men)"]
[Site "Yerevan"]
[Date "1996.??.??"]
[Round "3"]
[White "Magai, Vladimir"]
[Black "Hamid, Mansour Kadi"]
[Result "1/2-1/2"]
[WhiteElo "2500"]
[BlackElo "2300"]

1.d4 Nf6 2.c4 Nc6 3.Nf3 e6 4.Nc3 Bb4 5.Bg5 h6 6.Bxf6 Bxc3+ 7.bxc3 Qxf6 8.e3 d6
9.Be2 O-O 10.O-O e5 11.Nd2 Bf5 12.Qb3 Nd8 13.Rae1 Qg6 14.f4 Be4 15.Rf2 Rb8
16.Bf3 Bxf3 17.Rxf3 Qd3 18.Nb1 b5 19.Na3 Qd2 20.Rff1 exf4 21.cxb5 f3 22.gxf3 d5
23.Qc2 Qxc2 24.Nxc2 Rxb5 25.Rb1 Rb6 26.Nb4 c6 27.Nd3 Ne6 28.Rxb6 axb6 29.Rb1 b5
30.e4 dxe4 31.fxe4 Ng5 32.e5 Ne4 33.Rc1 Ra8 34.Nb4 c5 35.dxc5 Nxc5 36.Rd1 Ne4
37.Rd3 Ra4 38.Nd5 Rxa2 39.Nc7 Rb2 40.Re3 Nc5 41.e6 Nxe6 42.Nxe6 fxe6 43.Rxe6 Kh7
44.Rb6 Rb3 45.Rc6 g5 46.c4 bxc4 47.Rxc4 h5 48.Rc6 Rf3 49.Kg2 Rf4 50.h3 Kg7
51.Rb6 Rf6 52.Rb5 Kg6 53.Ra5 Rb6 54.Rc5 Rb2+ 55.Kg1 Ra2 56.Rb5 Re2 57.Ra5 Kf6
58.h4  1/2-1/2

[Event "Yerevan ol (Men)"]
[Site "Yerevan"]
[Date "1996.??.??"]
[Round "5"]
[White "Lautier, Joel"]
[Black "Bologan, Viktor"]
[Result "1-0"]
[WhiteElo "2620"]
[BlackElo "2600"]

1.d4 Nf6 2.c4 Nc6 3.Nf3 e6 4.g3 Bb4+ 5.Bd2 Qe7 6.Bg2 Bxd2+ 7.Nbxd2 d6 8.O-O O-O
9.e4 a5 10.d5 Nb8 11.dxe6 Bxe6 12.Nd4 Nc6 13.Nxc6 bxc6 14.Qa4 Rfb8 15.Qa3 Nd7
16.f4 Qf6 17.e5 dxe5 18.f5 Bxf5 19.g4 e4 20.Qe3 Qxb2 21.gxf5 Nf6 22.Nxe4 Ng4
23.Qg5 h5 24.f6 g6 25.h3 Qd4+ 26.Kh1 Rb2 27.hxg4 Rxg2 28.Qh6 Rg1+ 29.Rxg1 Qxe4+
30.Rg2  1-0

[Event "Yerevan ol (Men)"]
[Site "Yerevan"]
[Date "1996.??.??"]
[Round "9"]
[White "Husari, Sate"]
[Black "Hamid, Mansour Kadi"]
[Result "1-0"]
[WhiteElo "2305"]
[BlackElo "2300"]

1.d4 Nf6 2.c4 Nc6 3.d5 Ne5 4.e4 e6 5.Nf3 Bb4+ 6.Bd2 Nxf3+ 7.Qxf3 Qe7 8.Bxb4 Qxb4+
9.Qc3 Qe7 10.dxe6 dxe6 11.e5 Ne4 12.Qc2 Qb4+ 13.Nd2 Nxd2 14.Qxd2 Qc5 15.Qc3 Bd7
16.Bd3 Bc6 17.b4 Qe7 18.O-O Qg5 19.g3 O-O-O 20.Rae1 Qg4 21.f4 Qh3 22.Rf2 h5
23.b5 h4 24.Bf1 hxg3 25.Bxh3 Rxh3 26.Qxg3 Rxg3+ 27.hxg3 Be8 28.f5 Rd3 29.fxe6 fxe6
30.Ree2 Bg6 31.Rd2 Rxg3+ 32.Rg2 Rxg2+ 33.Kxg2 b6 34.Kf3 Bf5 35.Ke3 g5 36.Kd4 c5+
37.Ke3 Kc7 38.Rg2 g4 39.Rg3 Kb7 40.Kf4 a6 41.a4 Bc2 42.Rxg4 Bxa4 43.Rg7+ Ka8
44.Rg8+ Ka7 45.Rg7+ Ka8 46.bxa6 Bb3 47.Rb7 Bxc4 48.Rxb6 Ka7 49.Rc6 Bb3 50.Rxc5 Kxa6
51.Kg5 Kb6 52.Rc3 Bd5 53.Kf6 Kb7 54.Ke7 Kb6 55.Kd6 Kb7 56.Rc7+ Kb8 57.Re7 Kc8
58.Re8+  1-0

[Event "Yerevan ol (Men)"]
[Site "Yerevan"]
[Date "1996.??.??"]
[Round "9"]
[White "Roca, Petronio"]
[Black "Nevednichy, Vladislav"]
[Result "0-1"]
[WhiteElo "2350"]
[BlackElo "2525"]

1.d4 Nf6 2.c4 Nc6 3.Nf3 e6 4.Bg5 h6 5.Bh4 Bb4+ 6.Nc3 g5 7.Bg3 Ne4 8.Qc2 Nxg3
9.hxg3 g4 10.Nh2 Nxd4 11.Qd2 e5 12.Nxg4 d6 13.Ne3 c6 14.Nc2 Nxc2+ 15.Qxc2 Qa5
16.O-O-O Bxc3 17.Qxc3 Qxc3+ 18.bxc3 Ke7 19.e3 Be6 20.Be2 b5 21.cxb5 cxb5
22.Bxb5 Rhc8 23.Kd2 Bxa2 24.Rxh6 Rc5 25.Ra1 Bd5 26.Bf1 a5 27.Rh4 Rb8 28.c4 Bc6
29.f3 Rb2+ 30.Kc3 Rf2 31.e4 a4 32.Kd3 Ra5 33.Ke3 Rb2 34.Be2 a3 35.Rhh1 a2
36.Rhd1 Ba4 37.Rd2 Bc2 38.Bd3 Rb1 39.Rxa2 Rxa2 40.Bxc2 Re1+  0-1

[Event "RUS-Cup6"]
[Site "Krasnodar"]
[Date "1997.03.13"]
[Round "3"]
[White "Prokopchuk, Evgeny"]
[Black "Bologan, Viktor"]
[Result "0-1"]
[WhiteElo "2440"]
[BlackElo "2575"]

1.d4 Nf6 2.c4 Nc6 3.Nc3 e5 4.d5 Ne7 5.e4 Ng6 6.h4 Bb4 7.h5 Ne7 8.Qf3 h6 9.Qg3 Nxe4
10.Qxg7 Rg8 11.Qxe5 f5 12.Nh3 d6 13.Qd4 c5 14.Qd3 b5 15.Nf4 bxc4 16.Qxc4 Rb8
17.Rh3 Bd7 18.Qd3 Ba5 19.Re3 Rb4 20.Ne6 Bxe6 21.dxe6 d5 22.Qa6 Nd6 23.Re5 Qc7
24.Bd2 Rxb2 25.Rxd5 Rxd2 26.Rxd2 Bxc3 27.O-O-O Bxd2+ 28.Rxd2 Nec8 29.Qa4+ Kf8
30.Qf4 Rg4 31.Qe5 Qg7 32.e7+ Qxe7 33.Qh8+ Kf7 34.Re2 Re4 35.Qh7+ Ke8 36.Qg8+ Kd7
37.Rxe4 Qxe4 38.Qg7+ Kc6 39.Ba6 Qe1+ 40.Kc2 Qxf2+ 41.Kd3 Qf1+  0-1

[Event "CZE-ch"]
[Site "Zlin"]
[Date "1997.06.12"]
[Round "1"]
[White "Babula, Vlastimil"]
[Black "Blatny, Pavel"]
[Result "0-1"]
[WhiteElo "2535"]
[BlackElo "2540"]

1.d4 Nf6 2.c4 Nc6 3.Nf3 e6 4.a3 d5 5.cxd5 exd5 6.Bg5 Be7 7.e3 Ne4 8.Bf4 g5
9.Be5 f6 10.Bg3 h5 11.h3 Nxg3 12.fxg3 Bd6 13.Kf2 Ne7 14.Bd3 c6 15.Nc3 Qc7
16.Ne2 Bd7 17.Qa4 Nf5 18.Bxf5 Bxf5 19.Rac1 Bd3 20.g4 h4 21.Rhe1 O-O 22.Qd1 Qh7
23.Rc3 Be4 24.Kg1 Rae8 25.Rf1 Bb8 26.Nd2 Qc7 27.Nxe4 Qh2+ 28.Kf2 Rxe4 29.Rh1 Bg3+
30.Kf3 f5 31.Nf4 Rxf4+ 32.exf4 fxg4+ 33.Kxg4 Qxg2 34.Qc2 Bf2+ 35.Kh5 Rf7
36.Qg6+ Rg7 37.Qe6+ Kh8 38.f5 Qxh1 39.Qf6 Qd1+ 40.Kh6 Bxd4  0-1

[Event "BCF-ch"]
[Site "Hove"]
[Date "1997.08.05"]
[Round "2"]
[White "Dearing, Eddie"]
[Black "Cummings, David H"]
[Result "0-1"]
[WhiteElo "2210"]
[BlackElo "2370"]

1.d4 Nf6 2.c4 Nc6 3.Nf3 e6 4.Nc3 Bb4 5.e3 d6 6.Be2 O-O 7.Qc2 e5 8.O-O Bxc3
9.bxc3 Qe7 10.Ba3 Re8 11.c5 d5 12.Rab1 e4 13.Nd2 h5 14.c4 a5 15.Qa4 h4 16.h3 Rb8
17.Rb2 Bd7 18.cxd5 Nxd5 19.Qb3 Qg5 20.Kh1 b5 21.cxb6 Rxb6 22.Qc4 Rxb2 23.Bxb2 Nf6
24.Nb3 Rb8 25.Ba3 Qd5 26.Qxd5 Nxd5 27.Nc5 Bf5 28.Bc4 Nce7 29.Rc1 c6 30.Bb3 Nb4
31.Bxb4 axb4 32.Bc2 Ra8 33.Bb1 Ra3 34.Kg1 Nd5 35.f3 Nc3 36.Re1 Nxb1 37.Rxb1 exf3
38.e4 Be6 39.Nxe6 fxe6 40.Rxb4 fxg2 41.Rc4 Rxh3 42.Kxg2 Ra3 43.Rxc6 Kf7 44.Rc7+ Kf6
45.e5+ Kg6 46.Re7 Rg3+ 47.Kh2 Kf5 48.a4 g5 49.a5 Ra3 50.Rf7+ Kg4 51.Rf6 Ra2+
52.Kg1 h3 53.d5 Rxa5 54.d6 Rxe5 55.Kf2 Re4 56.d7 Rd4 57.Rxe6 Rxd7 58.Re4+ Kh5
59.Re3 Kh4 60.Re4+ g4  0-1

[Event "Budapest FS09 IM"]
[Site "Budapest"]
[Date "1997.09.11"]
[Round "6"]
[White "Dudas, Janos"]
[Black "Appleberry, Martin"]
[Result "1-0"]
[WhiteElo "2400"]
[BlackElo "2235"]

1.d4 Nf6 2.c4 Nc6 3.Nf3 e6 4.g3 Bb4+ 5.Nbd2 d5 6.Qc2 O-O 7.Bg2 dxc4 8.Qxc4 Qd5
9.O-O Bxd2 10.Qxd5 exd5 11.Bxd2 Bg4 12.Rfc1 Rfc8 13.e3 Ne4 14.Be1 Be6 15.Nd2 Nxd2
16.Bxd2 a6 17.Rc3 f5 18.Rac1 Rd8 19.Rc5 Rd7 20.b4 Rc8 21.a4 Nb8 22.Bf1 Kf7
23.R5c2 b6 24.f3 Ke8 25.h3 h6 26.g4 Rf7 27.Kg2 Kd8 28.Be1 g5 29.gxf5 Bxf5
30.Rc3 Bd7 31.b5 a5 32.Bg3 Bf5 33.Kg1 h5 34.Bg2 Be6 35.Be5 h4 36.Kh2 Bf5
37.f4 Be4 38.Bxe4 dxe4 39.fxg5  1-0

[Event "Ambasador op"]
[Site "Bern"]
[Date "1997.12.??"]
[Round "6"]
[White "Raetsky, Alexander"]
[Black "Bologan, Viktor"]
[Result "0-1"]
[WhiteElo "2460"]
[BlackElo "2585"]

1.d4 Nf6 2.c4 Nc6 3.Nf3 e6 4.g3 Bb4+ 5.Bd2 Qe7 6.Bg2 Bxd2+ 7.Nbxd2 a5 8.O-O O-O
9.e4 d6 10.e5 dxe5 11.dxe5 Nd7 12.Qe2 a4 13.Qe3 Ra5 14.Qc3 Qb4 15.Ne4 Ndxe5
16.Nxe5 Rxe5 17.Rfd1 Ra5 18.Qxb4 Nxb4 19.a3 Na6 20.f4 e5 21.fxe5 Rxe5 22.Rd5 Rfe8
23.Rad1 Rxd5 24.cxd5 Bf5 25.Nc3 Nc5 26.Rd4 Bd7 27.Kf2 Kf8 28.Bf3 Ke7 29.Bd1 Ra8
30.Bc2 h6 31.h4 Kd6 32.Rf4 f6 33.Ke3 Re8+ 34.Kf2 Re5 35.Rd4 b5 36.Rf4 Nb7
37.Rd4 Kc5 38.Rd2 Nd6 39.Bd3 Bf5 40.Bxf5 Rxf5+ 41.Kg2 Nc4 42.Re2 Re5 43.Rf2 Ne3+
44.Kf3 Nxd5 45.Ne4+ Kb6 46.Rd2 f5 47.Nf2 Re3+ 48.Kg2 c6 49.Nd1 Rb3 50.Kf2 f4
51.gxf4 Rh3 52.Rd4 Rxh4 53.Kg3 g5  0-1

[Event "Ano Liosia op"]
[Site "Ano Liosia"]
[Date "1997.??.??"]
[Round "4"]
[White "Grivas, Efstratios"]
[Black "Tzoumbas, Anastasios"]
[Result "1-0"]
[WhiteElo "2510"]
[BlackElo "2365"]

1.d4 Nf6 2.c4 Nc6 3.Nf3 e6 4.Nc3 Bb4 5.Qc2 d5 6.a3 Be7 7.Bg5 h6 8.Bxf6 Bxf6
9.O-O-O O-O 10.e4 dxc4 11.e5 Bg5+ 12.Kb1 b5 13.Nxb5 Rb8 14.Bxc4 Na5 15.Bd3 Bb7
16.Qxc7 Bxf3 17.Qxd8 Rfxd8 18.gxf3 Nc6 19.Be4 Rxb5 20.Bxc6 Rb3 21.Rhe1 Rdb8
22.Re2 Rxa3 23.d5 Ra6 24.Rd4 exd5 25.Bxd5 Ra5 26.f4 Be7 27.Bc4 Kf8 28.f5 Rb4
29.b3 Rc5 30.f4 a5 31.Ra2 f6 32.Re4 Bd8 33.Kc2 Bc7 34.exf6 gxf6 35.Kc3 Rxf5
36.Rg2 Rxc4+ 37.Kxc4 Bd6 38.Rd2 Rc5+ 39.Kd3 Rb5 40.Kc2 f5 41.Red4 Be7  1-0

[Event "Biel op MTO"]
[Site "Biel"]
[Date "1997.??.??"]
[Round "7"]
[White "Bagirov, Rufat"]
[Black "Wilhelmi, Christian"]
[Result "1/2-1/2"]
[WhiteElo "2325"]
[BlackElo "2405"]

1.d4 Nf6 2.c4 Nc6 3.Nf3 e6 4.a3 g6 5.Nc3 Bg7 6.e4 d6 7.Be2 O-O 8.O-O Re8
9.Bg5 h6 10.Bh4 g5 11.Bg3 Nh5 12.d5 Nxg3 13.hxg3 Ne5 14.Nd4 c6 15.dxe6 fxe6
16.Qd2 a6 17.Rad1 b5 18.cxb5 axb5 19.f4 Nc4 20.Bxc4 bxc4 21.f5 exf5 22.exf5 Bd7
23.Qc2 Qe7 24.Qf2 Qf6 25.Qf3 d5 26.g4 Re5 27.Qf2 Rae8 28.Nf3 Re3 29.a4 Bf8
30.Kh1 Bb4 31.Rxd5 Rxf3 32.Qxf3 cxd5 33.Nxd5 Qxb2 34.Nxb4 Qe5 35.Nd5 Kf7
36.Nc3 Rb8 37.Rd1 Be8 38.Qf2 Rb7 39.Nd5 Rd7 40.Qf3 Rd6 41.Nc3 Rxd1+ 42.Nxd1 Qe1+
43.Kh2 Qh4+ 44.Kg1 Qe1+ 45.Kh2  1/2-1/2

[Event "Cannes op-B 18th"]
[Site "Cannes"]
[Date "1997.??.??"]
[Round "4"]
[White "Petit, Eric"]
[Black "Meszaros, Gyula"]
[Result "0-1"]
[WhiteElo "2255"]
[BlackElo "2295"]

1.d4 Nf6 2.c4 Nc6 3.d5 Ne5 4.e4 e6 5.Nc3 Bb4 6.Qd4 d6 7.Be2 O-O 8.f3 c5 9.Qd2 b5
10.cxb5 exd5 11.exd5 Re8 12.Kf1 Bb7 13.a3 Ba5 14.f4 Neg4 15.Bxg4 Nxg4 16.Qd3 Qh4
17.g3 Qh5 18.f5 c4 19.Qf3 Nxh2+ 20.Kg2 Qxf3+ 21.Nxf3 Nxf3  0-1

[Event "Celle Ligure op"]
[Site "Celle Ligure"]
[Date "1997.??.??"]
[Round "7"]
[White "Tabernig, Bernhard"]
[Black "Sulava, Nenad"]
[Result "0-1"]
[WhiteElo "2275"]
[BlackElo "2380"]

1.d4 Nf6 2.c4 Nc6 3.Nf3 e6 4.Nc3 Bb4 5.Qc2 O-O 6.a3 Bxc3+ 7.Qxc3 d6 8.Bg5 Re8
9.e3 e5 10.dxe5 Nxe5 11.Be2 b6 12.Nxe5 Rxe5 13.Bf3 Rb8 14.Bf4 Re6 15.O-O Bb7
16.Bxb7 Rxb7 17.Rfd1 Qe7 18.Qc2 Rb8 19.Rd4 Re8 20.Rad1 Ne4 21.h3 a5 22.b4 axb4
23.axb4 h6 24.f3 Nf6 25.e4 Nh5 26.Bd2 Rg6 27.Be3 Qh4 28.Kh1 Ng3+ 29.Kh2 Nxe4
30.Rxe4 Rxe4 31.fxe4 Qg3+ 32.Kh1 Qxe3 33.c5 bxc5 34.bxc5 Qxc5 35.Qxc5 dxc5
36.Rd8+ Kh7 37.Rd7 Rc6 38.Rxf7 c4 39.Rf2 c3 40.Rc2 Kg6 41.Kg1 Kg5 42.g3 Kf6
43.Kf2 Ke5 44.Ke3 h5 45.Kd3 g5 46.Ke3 Rc4 47.Kd3 Rc5 48.Ke3 Rc6 49.g4 hxg4
50.hxg4 Rh6 51.Rf2 Rh3+ 52.Ke2 Kxe4 53.Rf7 Rh2+ 54.Kd1 Rg2 55.Rxc7 c2+ 56.Kc1 Kf4
57.Rc4+ Kg3 58.Rd4 Kh3 59.Rc4 Rxg4 60.Rc8 Rg2 61.Rg8 g4 62.Rg7 Rf2  0-1

[Event "MSS-ch"]
[Site "CZE"]
[Date "1997.??.??"]
[Round "?"]
[White "Bazant, Petr"]
[Black "Holemar, David"]
[Result "0-1"]
[WhiteElo "2310"]
[BlackElo "2100"]

1.d4 Nf6 2.c4 Nc6 3.Nc3 e6 4.Nf3 d5 5.Bg5 Be7 6.e3 h6 7.Bh4 g5 8.Bg3 Nh5
9.a3 Nxg3 10.hxg3 Bf6 11.cxd5 exd5 12.Bb5 Kf8 13.Bxc6 bxc6 14.O-O h5 15.Rc1 h4
16.g4 Bxg4 17.Ne2 Qd6 18.Nh2 Bd7 19.Qc2 Be7 20.Nf3 Qh6 21.Rfd1 Bd6 22.Kf1 g4
23.Ne5 Be6 24.Qxc6 Rb8 25.b4 h3 26.gxh3 Qxh3+ 27.Ke1 Rb6 28.Qc2 Ke7 29.Nf4 Qh6
30.Kd2 Qf6 31.Rg1 Rh2 32.Ke1 a5 33.Nxg4 Qg7 34.Ng6+ Qxg6 35.Qxg6 fxg6 36.Nxh2 Bxh2
37.Rxg6 axb4 38.axb4 Rxb4 39.Rh6 Bd6 40.Kf1 Rb8 41.Rh7+ Kf6 42.f3 Rb3 43.Re1 Bf5
44.Rh6+ Kg7 45.Rh1 Bd3+ 46.Kg2 Rb2+ 47.Kh3 Bf5+ 48.Kh4 Rg2  0-1

[Event "CZE-chT 9697"]
[Site "CZE"]
[Date "1997.??.??"]
[Round "1"]
[White "Salai, Ladislav"]
[Black "Velicka, Petr"]
[Result "1-0"]
[WhiteElo "2460"]
[BlackElo "2405"]

1.d4 Nf6 2.c4 Nc6 3.Nf3 e6 4.a3 d6 5.Nc3 Be7 6.e4 e5 7.d5 Nb8 8.Be2 O-O 9.O-O a5
10.c5 Na6 11.b4 Bg4 12.Bxa6 Rxa6 13.b5 Ra8 14.c6 b6 15.h3 Bh5 16.Qd3 Ne8
17.Ne2 Bg6 18.Ng3 Qc8 19.Nf5 Bxf5 20.exf5 Nf6 21.Nd2 e4 22.Nxe4 Nxe4 23.Qxe4 Bf6
24.Ra2 Re8 25.Qd3 Qd8 26.Re2 Rxe2 27.Qxe2 Qe8 28.Re1 Qxe2 29.Rxe2 Kf8 30.a4 Bd4
31.g4 Re8 32.Rxe8+ Kxe8 33.g5 f6 34.h4 Kf7 35.Kg2 Bc5 36.Kg3 Bd4 37.f3 Kf8
38.Kg4 fxg5 39.hxg5 Kf7 40.Bf4 Ke7 41.Bg3 Ke8 42.Kh5 Bb2 43.Bh4 Kf7 44.g6+ hxg6+
45.fxg6+ Ke8 46.Kg4 Be5 47.Kf5 Bh2 48.Ke6 Bf4 49.Bf2  1-0

[Event "Frydek-Mistek op-A"]
[Site "Frydek-Mistek"]
[Date "1997.??.??"]
[Round "2"]
[White "Ovchinikova, Julia"]
[Black "Berezjuk, Sergej"]
[Result "0-1"]
[WhiteElo "2235"]
[BlackElo "2410"]

1.d4 Nf6 2.c4 Nc6 3.Nc3 e5 4.d5 Ne7 5.e4 Ng6 6.a3 Bc5 7.f3 a5 8.Rb1 d6 9.Nge2 O-O
10.Qc2 Nh5 11.Bd2 f5 12.Kd1 f4 13.Nc1 Nf6 14.Nb3 Bb6 15.Na4 c6 16.dxc6 bxc6
17.c5 Bc7 18.cxd6 Qxd6 19.Bc4+ Kh8 20.Qd3 Qe7 21.Kc2 Nd5 22.Qe2 Nb6 23.Nxb6 Bxb6
24.Rbd1 a4 25.Nc1 Bd4 26.Bc3 c5 27.Bxd4 exd4 28.Kb1 Ne5 29.Qc2 Nxc4 30.Qxc4 Be6
31.Qc2 Bg8 32.Rd2 Rfc8 33.g3 Qf7 34.gxf4 Qxf4 35.Rf1 Rab8 36.Nd3 Qf7 37.Ne5 Qf6
38.f4 Rb3 39.Rc1 Rcb8 40.Nc4 Rc3  0-1

[Event "Frydek-Mistek op-A"]
[Site "Frydek-Mistek"]
[Date "1997.??.??"]
[Round "8"]
[White "Obsivac, Josef"]
[Black "Berezjuk, Sergej"]
[Result "1/2-1/2"]
[WhiteElo "2385"]
[BlackElo "2410"]

1.d4 Nf6 2.c4 Nc6 3.Nc3 e5 4.d5 Ne7 5.g3 d6 6.Bg2 g6 7.f4 exf4 8.gxf4 Nf5
9.Nf3 Ng4 10.Qd3 Nh4 11.Nxh4 Qxh4+ 12.Qg3 Qe7 13.h3 Nh6 14.Qe3 Nf5 15.Qxe7+ Bxe7
16.O-O Nh4 17.e4 O-O 18.Bd2 a6 19.Kh2 Nxg2 20.Kxg2 Bf6 21.Rfe1 Re8 22.a4 Bd7
23.a5 Bd4 24.Nd1 f5 25.Bc3 Bxc3 26.Nxc3 fxe4 27.Nxe4 Kg7 28.Nc3 Bf5 29.b4 Bd3
30.c5 Kf7 31.Kf3 Rad8 32.h4 h6 33.Rac1 Bc4 34.Red1 Bb3 35.Rd2 Re7 36.Rb1 Bc4
37.Rd4 Bb5 38.Nxb5 axb5 39.Rd3 dxc5 40.bxc5 c6 41.d6 Re6 42.Ra1 Ra8 43.a6 bxa6
44.Ra5 Ree8 45.d7 Red8 46.Rd6 Ra7 47.Rxc6 Raxd7 48.Raxa6 Rd3+ 49.Ke2 Rd2+
50.Ke3 R2d3+ 51.Ke2 Rd2+ 52.Ke3  1/2-1/2

[Event "Geneve op"]
[Site "Geneve"]
[Date "1997.??.??"]
[Round "1"]
[White "Khenkin, Igor"]
[Black "Vianin, Pascal"]
[Result "1-0"]
[WhiteElo "2575"]
[BlackElo "2205"]

1.d4 Nf6 2.c4 Nc6 3.Nc3 e5 4.d5 Ne7 5.Nf3 Ng6 6.h4 h5 7.Qc2 Be7 8.e3 Ng4
9.Bd3 Nxh4 10.Nxh4 Bxh4 11.g3 Be7 12.f3 Nf6 13.g4 d6 14.Bd2 Nxg4 15.fxg4 Bxg4
16.Be2 Qd7 17.e4 O-O-O 18.Be3 f5 19.exf5 Bxf5 20.Qd2 h4 21.Bxa7 h3 22.Bf2 Bh4
23.Bxh4 Rxh4 24.Qe3 Kb8 25.Nb5 c5 26.dxc6 bxc6 27.Qb6+  1-0

[Event "BL2-N9697"]
[Site "Germany"]
[Date "1997.??.??"]
[Round "?.2"]
[White "Lukacs, Peter"]
[Black "Wilhelmi, Christian"]
[Result "1/2-1/2"]
[WhiteElo "2470"]
[BlackElo "2400"]

1.d4 Nf6 2.c4 Nc6 3.Nf3 e6 4.Nc3 Bb4 5.e3 O-O 6.Bd3 d6 7.O-O Bxc3 8.bxc3 e5
9.Qc2 Re8 10.Nd2 exd4 11.cxd4 Nb4 12.Qb1 Nxd3 13.Qxd3 d5 14.Ba3 b6 15.cxd5 Qxd5
16.Rfc1 Bb7 17.f3 c5 18.e4 Qg5 19.Nf1 Rad8 20.d5 Nh5 21.Rc2 f5 22.Bb2 Nf4
23.Qc4 fxe4 24.fxe4 Rxe4 25.Qxe4 Bxd5 26.Qe5 Nh3+ 27.Kh1 Qxg2+ 28.Rxg2 Nf2+
29.Kg1 Nh3+  1/2-1/2

[Event "HUN-chT2 9798"]
[Site "HUN"]
[Date "1997.??.??"]
[Round "?"]
[White "Kladiva, Imre"]
[Black "Laszlo, Janos"]
[Result "0-1"]
[WhiteElo "2140"]
[BlackElo "2285"]

1.d4 Nf6 2.c4 Nc6 3.Nf3 e6 4.Bg5 Bb4+ 5.Nc3 h6 6.Bd2 O-O 7.g4 Bxc3 8.bxc3 Ne4
9.Bf4 d5 10.Qd3 b6 11.h4 Ba6 12.g5 Bxc4 13.Qe3 h5 14.Bh3 Qe7 15.g6 fxg6 16.Ng5 e5
17.dxe5 Nxg5 18.hxg5 Rae8 19.e6 Nd8 20.Be5 Nxe6 21.Rg1 Nd8 22.f4 Nc6  0-1

[Event "US-op"]
[Site "Las Vegas"]
[Date "1997.??.??"]
[Round "1"]
[White "Baburin, Alexander"]
[Black "Lee, J."]
[Result "1-0"]
[WhiteElo "2610"]
[BlackElo "2090"]

1.d4 Nf6 2.c4 Nc6 3.Nf3 e6 4.a3 d5 5.Nc3 g6 6.Bg5 Bg7 7.e3 O-O 8.Rc1 h6 9.Bxf6 Bxf6
10.cxd5 exd5 11.Bd3 Ne7 12.O-O c6 13.b4 a6 14.a4 Bg7 15.Nd2 Nf5 16.b5 cxb5
17.axb5 a5 18.Qb3 Be6 19.Bxf5 gxf5 20.f4 Qd6 21.Na4 Rfc8 22.b6 Rxc1 23.Rxc1 Bd7
24.Nc5 Bc6 25.Nf3 Qe7 26.Ne5 Bxe5 27.fxe5 Kh8 28.Qd3 Qg5 29.Rf1 Rg8 30.g3 a4
31.Rxf5 Qg6 32.Qf1 a3 33.Rf2 Qg5 34.Qc1 Ra8 35.Ra2 Qg4 36.Nd3 Bb5 37.Nf2 Qf5
38.e4 dxe4 39.Rxa3 Rxa3 40.Qxa3 Kg7 41.Qe3 Bc6 42.Qf4 Qxf4 43.gxf4 Kg6 44.Ng4 Kf5
45.Ne3+ Kxf4 46.Kf2 Bd7 47.Nd5+ Kf5 48.Ke3 Ba4 49.Nf6 Bc6 50.h3 Ke6 51.Nxe4 Bd5
52.Nf6 Bg2 53.Kf4 Bh1 54.h4 Bg2 55.Ng4  1-0

[Event "Manchester op"]
[Site "Manchester"]
[Date "1997.??.??"]
[Round "3"]
[White "Dearing, Edward"]
[Black "Beckett, Christopher J"]
[Result "1/2-1/2"]
[WhiteElo "2210"]
[BlackElo "2110"]

1.d4 Nf6 2.c4 Nc6 3.Nf3 d6 4.Nc3 g6 5.d5 Nb8 6.e4 Bg7 7.Be2 O-O 8.O-O Nbd7
9.Be3 c5 10.Ne1 a6 11.a4 Rb8 12.f4 Ne8 13.Qc2 Nc7 14.Nf3 b6 15.Rae1 Bb7 16.Bf2 b5
17.axb5 axb5 18.cxb5 f5 19.exf5 Rxf5 20.Bd3 Rxf4 21.Bh4 Nf6 22.Bg5 Rb4 23.Na2 Ncxd5
24.Bc4 Rxc4 25.Qxc4 Kh8 26.Nc3 Nxc3 27.bxc3 Bd5 28.Qe2 h6 29.Bxf6 Bxf6 30.Qd2 Qg8
31.Qxh6+ Qh7 32.Qe3 Bc4 33.Rf2 Rxb5 34.Ng5 Qh4 35.Rxf6 exf6 36.Qe8+ Bg8 37.Nf3 Qc4
38.Nd2 Qd3 39.Re3 Qxd2 40.Rh3+ Kg7 41.Qxb5 Qe1+ 42.Qf1 Qe4 43.Qc1 Bd5 44.Qh6+ Kf7
45.Qd2 Qb1+ 46.Kf2 Qf5+ 47.Kg1  1/2-1/2

[Event "Moscow-ch"]
[Site "Moscow"]
[Date "1997.??.??"]
[Round "1"]
[White "Kremenietsky, Anatoly M"]
[Black "Lebedev, Vasili"]
[Result "1-0"]
[WhiteElo "2410"]
[BlackElo "2185"]

1.d4 Nf6 2.c4 Nc6 3.Nc3 e5 4.d5 Ne7 5.e4 Ng6 6.Bd3 Bb4 7.Ne2 O-O 8.a3 Bxc3+
9.Nxc3 d6 10.O-O h6 11.Ne2 Nh5 12.Re1 Qf6 13.Ng3 Nhf4 14.Bf1 Qg5 15.Kh1 Nh4
16.Be3 f5 17.exf5 Bxf5 18.Nxf5 Nxf5 19.Bd2 Qf6 20.Re4 Ng6 21.Bc3 Nfe7 22.f3 Qg5
23.Qc1 Qh5 24.Qd2 Nf5 25.Qf2 Nfh4 26.Rae1 Qg5 27.Bd2 Qf6 28.Bd3 Nf5 29.Bc3 Nfe7
30.Bc2 Nc8 31.c5 Kh8 32.Rd1 Nf4 33.Ree1 Ne7 34.Be4 g5 35.g3 Nh3 36.Qg2 g4
37.f4 Ng6 38.Qc2 Nhxf4 39.gxf4 Nxf4 40.Rf1 Qg7 41.cxd6 cxd6 42.Be1 Rac8 43.Qb3 Ne2
44.Bh4 g3  1-0

[Event "NOR-chT"]
[Site "NOR"]
[Date "1997.??.??"]
[Round "2"]
[White "Madsen, Dag"]
[Black "Hagesaether, Paal Vegard"]
[Result "0-1"]
[WhiteElo "2265"]
[BlackElo "2205"]

1.d4 Nf6 2.c4 Nc6 3.Nf3 e6 4.g3 Bb4+ 5.Bd2 a5 6.Bg2 O-O 7.O-O Bxd2 8.Nbxd2 d6
9.e4 e5 10.d5 Ne7 11.c5 Nd7 12.cxd6 cxd6 13.a4 Nc5 14.Qb1 Bd7 15.b3 b5 16.Rc1 Qb6
17.axb5 Bxb5 18.Bf1 Bxf1 19.Kxf1 f5 20.exf5 Rxf5 21.b4 Rb8 22.Rxa5 Qxb4 23.Qxb4 Rxb4
24.Rc3 Nxd5 25.Rca3 Nb6 26.Kg2 e4 27.Nh4 Rf8 28.Kf1 Rd4 29.Ra2 e3 30.Ndf3 Rb4
31.Ke2 Nd5 32.R5a3 exf2 33.Kxf2 g5 34.Rd2 Ne4+  0-1

[Event "NOR-chT"]
[Site "NOR"]
[Date "1997.??.??"]
[Round "3"]
[White "Elsness, Frode"]
[Black "Hagesaether, Halvard"]
[Result "0-1"]
[WhiteElo "2330"]
[BlackElo "2255"]

1.d4 Nf6 2.c4 Nc6 3.Nf3 d6 4.Nc3 e5 5.d5 Ne7 6.g3 g6 7.Bg2 Bg7 8.O-O O-O
9.e4 Nd7 10.Ne1 f5 11.Nd3 h6 12.f4 exf4 13.Nxf4 Ne5 14.Qe2 fxe4 15.Bxe4 Bg4
16.Qg2 Nxc4 17.Nxg6 Nxg6 18.Bxg6 Qd7 19.Rxf8+ Rxf8 20.Bf4 Bd4+ 21.Kh1 Nxb2
22.Rc1 Qg7 23.Nb5 Be3 24.Rf1 Qxg6 25.Qxb2 Bh3 26.Qb1 Bf5  0-1

[Event "NOR-chT"]
[Site "NOR"]
[Date "1997.??.??"]
[Round "4"]
[White "Fyllingen, Roy Harald"]
[Black "Hagesaether, Halvard"]
[Result "1-0"]
[WhiteElo "2410"]
[BlackElo "2255"]

1.d4 Nf6 2.c4 Nc6 3.Nf3 d6 4.Nc3 e5 5.d5 Ne7 6.e4 g6 7.c5 Bg7 8.cxd6 cxd6
9.Bb5+ Nd7 10.O-O O-O 11.Be3 h6 12.Nd2 f5 13.f3 Nf6 14.Be2 Bd7 15.Nc4 Nc8
16.a4 Nh5 17.Nb5 fxe4 18.fxe4 Nf4 19.Bg4 Bxg4 20.Qxg4 h5 21.Qd1 Bh6 22.Kh1 a6
23.Nc3 Kg7 24.g3 Nh3 25.Bxh6+ Kxh6 26.Rxf8 Qxf8 27.Qd2+ g5 28.Kg2 Kg6 29.Rf1 Qh6
30.Kxh3 b5 31.Qf2 bxc4 32.Qf7+  1-0

[Event "World op"]
[Site "Philadelphia"]
[Date "1997.??.??"]
[Round "1"]
[White "Bick, John D"]
[Black "Blatny, Pavel"]
[Result "0-1"]
[WhiteElo "2305"]
[BlackElo "2555"]

1.d4 Nf6 2.c4 Nc6 3.Nf3 e6 4.g3 Bb4+ 5.Nbd2 d5 6.e3 O-O 7.a3 Bxd2+ 8.Bxd2 Re8
9.Bg2 dxc4 10.Qc2 e5 11.O-O exd4 12.Nxd4 Nxd4 13.exd4 c6 14.Qxc4 Be6 15.Qb4 Qd7
16.Bf4 Bd5 17.Bxd5 Nxd5 18.Qd2 Re4 19.Be3 Rae8 20.Rfe1 Qe6 21.Rad1 f6 22.Qd3 Nxe3
23.Rxe3 Rxe3 24.Qxe3 Qxe3 25.fxe3 Rxe3 26.d5 cxd5 27.Rxd5 Rb3 28.Rf5 Rxb2
29.Rf3 a5 30.h4 a4 31.Rf4 b5 32.Rf5 b4 33.axb4 a3  0-1

[Event "POL-ch sf"]
[Site "Poraj "]
[Date "1997.??.??"]
[Round "10"]
[White "Okrucinski, Tadeusz"]
[Black "Kornasiewicz, Stanislaw"]
[Result "1-0"]
[WhiteElo "2285"]
[BlackElo "2335"]

1.d4 Nf6 2.c4 Nc6 3.Nc3 e5 4.d5 Ne7 5.e4 Ng6 6.Bd3 Bc5 7.a3 a5 8.Na4 Be7
9.Ne2 O-O 10.O-O d6 11.Ng3 Nf4 12.Nc3 g6 13.Nce2 N6h5 14.Nxh5 Nxh5 15.Bh6 Ng7
16.f4 exf4 17.Bxf4 Bf6 18.Qd2 Qe7 19.Kh1 Bd7 20.Ng1 b6 21.Rae1 Nh5 22.Bh6 Rfe8
23.Be2 Ng7 24.Bd1 Be5 25.Nf3 f6 26.Nxe5 dxe5 27.Qc3 a4 28.Be3 c5 29.dxc6 Bxc6
30.Bxb6 Qb7 31.Bg1 f5 32.Bf3 fxe4 33.Bg4 Rab8 34.Rf6 e3 35.Re2 Rf8 36.Qxe5 Rxf6
37.Qxf6 Re8 38.Bh3 Qa6 39.Qd4 Ne6 40.Qh4 Ng7 41.Rxe3 Qa8 42.Rxe8+ Qxe8 43.Bd4 Nh5
44.Bc3 h6 45.Qd4 Kh7 46.Be6 Qf8 47.Kg1 Qb8 48.g4  1-0